| 000 | 00675nam a2200193Ia 4500 | ||
|---|---|---|---|
| 003 | GCL | ||
| 008 | 140319s9999 xx 000 0 ara d | ||
| 040 |
_aGCL / _cGCL |
||
| 082 | 0 | 4 |
_a910.133 _bس ج |
| 100 | 1 | _aسارة حسن منيمنة | |
| 245 | 1 | 0 |
_aجغرافية الموارد والانتاج / _cسارة حسن منيمنة |
| 250 | _aالثانية | ||
| 260 |
_aبيروت : _bدار النهضة العربية للطباعة والنشر ، _c1988 |
||
| 300 |
_a381ص ؛ _c24سم |
||
| 650 | 0 | 4 | _aالجغرافيا الاقتصادية |
| 650 | 0 | 4 | _aالجغرافيا البشرية |
| 650 | 0 | 4 | _aالموارد الاقتصادية |
| 942 |
_2ddc _cBK |
||
| 999 |
_c45854 _d45854 |
||